| 000 | 01799nam0a2200385 4500 | ||
|---|---|---|---|
| 001 | RU\NLR\bibl\1031963 | ||
| 005 | 20250615001150.0 | ||
| 010 |
_a5-93962-151-1 _9100 |
||
| 021 |
_aRU _b2006-76043 _93846 |
||
| 035 | _a(nilc)RSL-KNO-002982575 | ||
| 035 | _a(NLR Aleph) 001019419 | ||
| 090 |
_a688882 _c688882 |
||
| 100 | _a20061127d2006 |||y0rusy50 ca | ||
| 101 | 0 | _arus | |
| 102 | _aRU | ||
| 105 | _ay ||||||||| | ||
| 106 | _ar | ||
| 200 | 1 |
_aЧеловеческий фактор в системе российской государственной службы. История и современность _fЖ.А. Бакаев _gИн-т гос. службы при Президенте Респ. Татарстан |
|
| 210 |
_aКазань _cЦентр инновационных технологий _d2006 |
||
| 215 |
_a103 с. _d20 |
||
| 320 | _aБиблиогр.: с. 101-103 (56 назв.) и в подстроч. прим. | ||
| 606 | 1 |
_aГосударственная служба _yРоссийская Федерация _92077886 _3RU\NLR\auth\661253643 |
|
| 606 | 1 |
_aГосударственные служащие _xСоциологические исследования _91484816 _3RU\NLR\auth\66634698 |
|
| 610 | 0 | _aСоциология -- Социальные подсистемы -- Социальная структура -- Социальные группы -- Социальные классы и слои -- Городские средние слои | |
| 686 |
_aС556.321.415,0 _2rubbk |
||
| 686 | _aХ621.02 | ||
| 686 | _aС550.321.5 | ||
| 700 | 1 |
_aБакаев _bЖ. А. _4070 |
|
| 801 | 0 |
_aRU _bРКП _c20061127 _grcr |
|
| 801 | 1 |
_aRU _bРГБ _c20061127 |
|
| 801 | 2 |
_aRU _bNLR _c20070118 _grcr |
|
| 942 | _cBOOK | ||
| 980 | _aNB | ||
| 980 | _aNBR | ||